000 00721nam a2200217 i 4500
003 IT-RoINE
005 20190307093743.0
008 900725s1962 sp a r | spa d
040 _aSpMaBN
_bspa
_cA2 IT-RoINE
_dIT-RoINE
100 1 _aAlejandro Guillamón, Vicente,
_d1930-
_957707
245 1 0 _aJusticia social :
_bdoctrina para un sindicalismo de inspiración cristiana /
_cVicente Alejandro Guillamón.
260 _a[Madrid] :
_bPluma,
_c1962.
300 _a228 p. ;
_c19 cm.
336 _2rdacontent
_atext
337 _2rdamedia
_aunmediated
338 _2rdacarrier
_avolume
490 1 _aLa Flecha en el Blanco
650 4 _aSindicatos católicos
_957708
830 0 _aFlecha en el Blanco
_957709
942 _cMTS
999 _c29450
_d29450